| 000 -LEADER |
| fixed length control field |
00907pab a2200157 454500 |
| 008 - FIXED-LENGTH DATA ELEMENTS--GENERAL INFORMATION |
| fixed length control field |
180718b2002 xxu||||| |||| 00| 0 eng d |
| 100 ## - MAIN ENTRY--PERSONAL NAME |
| Personal name |
Breman, Jan |
| 245 ## - TITLE STATEMENT |
| Title |
Communal upheaval as resurgence of social Darwinism |
| 260 ## - PUBLICATION, DISTRIBUTION, ETC. |
| Date of publication, distribution, etc. |
2002 |
| 300 ## - PHYSICAL DESCRIPTION |
| Extent |
p.1485-488. |
| 362 ## - DATES OF PUBLICATION AND/OR SEQUENTIAL DESIGNATION |
| Dates of publication and/or sequential designation |
20 Apr |
| 520 ## - SUMMARY, ETC. |
| Summary, etc. |
There can be no two opinions about the well-entrenched nature of the Hindutva movement and its predecessors in Gujarat, strongly opposed to communal harmony and to the design of society as a melting pot of diverse and open-ended social segments. However, this explanation of the recent tragic events in the state has to be contextualised within the changing political economic of Gujarat. The comments that follow relate to Ahmedabad, the primary location of many of the horrors that have been reported. - Reproduced. |
| 650 ## - SUBJECT ADDED ENTRY--TOPICAL TERM |
| Topical term or geographic name entry element |
Communalism |
| 773 ## - HOST ITEM ENTRY |
| Main entry heading |
Economic and Political Weekly |
| 909 ## - |
| -- |
52078 |